02208nam a22002297a 450000500170000000700150001700800410003202000220007303500100009504000090010510000300011424501880014425600240033226000410035630000280039750011490042550602700157465000280184470000270187274000380189985600410193720240305165632.0cr|||| |||| 220510s2021 es |||||s|||| 00||0 spa d a978-84-123305-1-9 a35633 avLex1 aSan Juan Guillen, César10aGuía de prevención del delito seguridad, diseño urbano, participación ciudadana y acción policialh[Recurso electrónico] /cCésar San Juan Guillen, Laura Vozmediano Sanz aServicio en línea aBarcelona:bJ.M. Bosch Editor,c2021 a1 recurso electrónico aLa convivencia en sociedades multiculturales complejas se ha convertido en uno de los retos más trascendentes en las ciudades de este incipiente siglo XXI. Para conseguir este objetivo es condición indispensable que exista un razonable clima de seguridad y libertad, además de reducir, en la medida de lo posible, uno de los fenómenos que de forma más notable contribuyen al deterioro de la convivencia: el miedo. En esta Guía de Prevención del Delito –de gran interés para todos los profesionales de la seguridad: criminólogos/as, policías y técnicos con responsabilidades en materia de seguridad local–, se presenta un estructurado y exhaustivo compendio de acciones y estrategias de diagnóstico e intervención orientadas al fomento de la seguridad, entendida ésta, no solo como la reducción, o incluso ausencia, de actividad delictiva, sino como un proceso de mejora continua de la calidad de vida de la ciudadanía. En dicho proceso, la participación social y el desarrollo de nuevos modelos de acción policial se presentan como dos elementos irrenunciables para el éxito en la prevención del delito1 aDisponible solo en los productos indicadosdvLex GlobaldvLex Global (Academic Edition, excluding Law Schools)dvLex Global (U.S. Academic Edition, Law Schools)dvLex Global (U.S. Academic Edition, excluding Law Schools)dvLex Global (Academic Edition, Law Schools)04aDerecho PenalzEspaña1 aVozmediano Sanz, Laura0 avLex Libros (Servicio en línea)40uhttps://app.vlex.com/#/sources/35633